On the rectangular tangential projection of the sphere and spheroid, with tables ... for the construction of maps on that projection (Record no. 114145)

MARC details
000 -LEADER
fixed length control field 00719cam a22001815a 4500
001 - CONTROL NUMBER
control field L156274
008 - FIXED-LENGTH DATA ELEMENTS--GENERAL INFORMATION
fixed length control field 120510s1868 xxk f 000 0 eng d
035 ## - SYSTEM CONTROL NUMBER
System control number (Sirsi) u156274
041 0# - LANGUAGE CODE
Language code of text/sound track or separate title eng
100 1# - MAIN ENTRY--PERSONAL NAME
Personal name James, Henry
Titles and words associated with a name Sir
Dates associated with a name 1803-1877
245 00 - TITLE STATEMENT
Title On the rectangular tangential projection of the sphere and spheroid, with tables ... for the construction of maps on that projection
Remainder of title and also for a map of the world on the scale of ten miles to an inch ...
260 ## - PUBLICATION, DISTRIBUTION, ETC.
Place of publication, distribution, etc. Southampton
Name of publisher, distributor, etc. Ordnance Survey
Date of publication, distribution, etc. 1868
300 ## - PHYSICAL DESCRIPTION
Extent 6 p.
Other physical details 4 maps
Dimensions 54 x 36 cm.
583 0# - ACTION NOTE
Action Condition reviewed
Time/date of action 20120620
Status condition level 4, brittle paper, detached boards
651 #4 - SUBJECT ADDED ENTRY--GEOGRAPHIC NAME
Geographic name International
690 ## - LOCAL SUBJECT ADDED ENTRY--TOPICAL TERM (OCLC, RLIN)
Topical term or geographic name as entry element Geomatics
9 (RLIN) 6242
942 ## - ADDED ENTRY ELEMENTS (KOHA)
Suppress in OPAC 0
Holdings
Withdrawn status Lost status Source of classification or shelving scheme Damaged status Not for loan Home library Current library Shelving location Date acquired Total Checkouts Full call number Barcode Date last seen Copy number Price effective from Koha item type
    Dewey Decimal Classification     Historic collection Historic collection Historic collection 10/05/2012   FOLIO 1868 JAMES 30077723 06/08/2019 1 06/08/2019 Book